[Event "MGL-ch (Women) 46th"]
[Site "Govi Altai"]
[Date "2014.04.12"]
[Round "11"]
[White "Jargalmaa, Sarantuya"]
[Black "Bayarmaa, Bayarjargal"]
[Result "0-1"]
[WhiteElo "1801"]
[BlackElo "2077"]
[PlyCount "110"]
[EventDate "2014.04.04"]
[EventType "tourn"]
[EventRounds "11"]
[EventCountry "MGL"]
[SourceTitle "CBM 159 Extra"]
[Source "ChessBase"]
[SourceDate "2014.04.24"]
[SourceVersion "1"]
[SourceVersionDate "2014.04.24"]
[SourceQuality "1"]

1. d4 d5 2. c4 c6 3. Nf3 Nf6 4. Nc3 e6 5. e3 Nbd7 6. Bd3 dxc4 7. Bxc4 b5 8. Bd3 Bd6 9. 0-0 0-0 10. Qc2 Bb7 11. a3 a5 12. e4 e5 13. dxe5 Nxe5 14. Nxe5 Bxe5 15. h3 Re8 16. Be3 Bd4 17. Rfe1 g6 18. Rad1 Bxe3 19. Rxe3 Qb6 20. Rde1 Kg7 21. Kh1 Nh5 22. Rf3 Re6 23. b4 axb4 24. axb4 Qd4 25. Qb3 Qe5 26. Bb1 Rd8 27. Rd1 Rxd1+ 28. Qxd1 Rd6 29. Qb3 Rf6 30. Ne2 Bc8 31. Rxf6 Qxf6 32. Qe3 Qe5 33. Bd3 Nf6 34. f4 Qb2 35. Qc5 Qd2 36. Qd4 Be6 37. Kh2 h5 38. f5 Bc4 39. Bxc4 Qxd4 40. Nxd4 bxc4 41. e5 Nd5 42. f6+ Kh6 43. Nxc6 c3 44. Nd4 Nxb4 45. Ne2 c2 46. Nc1 Nc6 47. Kg3 Nxe5 48. Kf4 Nd7 49. g4 g5+ 50. Kf5 hxg4 51. hxg4 Nc5 52. Ke5 Kg6 53. Kd4 Nd7 54. Kc3 Nxf6 55. Kxc2 Nxg4 0-1

[Event "MGL-ch (Women) 46th"]
[Site "Govi Altai"]
[Date "2014.04.06"]
[Round "5"]
[White "Uuriintuya, Uurtsaikh"]
[Black "Jargalmaa, Sarantuya"]
[Result "1-0"]
[WhiteElo "1804"]
[BlackElo "1801"]
[PlyCount "131"]
[EventDate "2014.04.04"]
[EventType "tourn"]
[EventRounds "11"]
[EventCountry "MGL"]
[SourceTitle "CBM 159 Extra"]
[Source "ChessBase"]
[SourceDate "2014.04.24"]
[SourceVersion "1"]
[SourceVersionDate "2014.04.24"]
[SourceQuality "1"]

1. e4 c5 2. Nf3 d6 3. d4 cxd4 4. Nxd4 Nf6 5. Nc3 a6 6. f4 e6 7. Be2 b5 8. Bf3 b4 9. Nce2 Bb7 10. Ng3 Nbd7 11. 0-0 Qc7 12. Kh1 Be7 13. Bd2 Rb8 14. Qe1 Qc4 15. Nb3 Ba8 16. c3 d5 17. e5 Ne4 18. Nxe4 dxe4 19. Be2 Qc6 20. Nd4 Qb6 21. Qg3 g6 22. Nc2 a5 23. Ne3 h5 24. Nc4 Qc7 25. h3 Bd5 26. Ne3 Ba8 27. cxb4 axb4 28. Rac1 Qa7 29. Bc4 Nc5 30. Nc2 b3 31. axb3 Nd3 32. Bxd3 exd3 33. Qxd3 Qb7 34. Ne3 Rd8 35. Qc2 Kf8 36. Ba5 Rb8 37. Qd2 Qxb3 38. Bc7 Rb5 39. Bd8 Bd5 40. Bxe7+ Kxe7 41. Rc7+ Kf8 42. Qf2 Rb7 43. Rc2 Be4 44. Rd2 Kg7 45. Rfd1 Rbb8 46. Kh2 Qb4 47. Qh4 Rhf8 48. Rd4 Qb7 49. Qf6+ Kg8 50. R1d2 Bc6 51. Nc4 Bd5 52. Nd6 Qc7 53. Qh4 Qc1 54. Qf2 Qc7 55. Rc2 Qa7 56. f5 Rb3 57. f6 Rfb8 58. Qf4 Kh7 59. Ra4 Qd7 60. Qd4 Rd3 61. Ra7 Rxd4 62. Rxd7 Rf8 63. Nxf7 h4 64. Ng5+ Kh6 65. Nxe6 Bxe6 66. Rxd4 1-0

[Event "Wch U14 Girls"]
[Site "Maribor"]
[Date "2012.11.18"]
[Round "11.26"]
[White "Gueci, Tea"]
[Black "Jargalmaa, Sarantuya"]
[Result "0-1"]
[WhiteElo "1939"]
[BlackElo "1781"]
[PlyCount "98"]
[EventDate "2012.11.08"]
[EventType "swiss"]
[EventRounds "11"]
[EventCountry "SLO"]
[SourceTitle "EXT 2013"]
[Source "ChessBase"]
[SourceDate "2012.11.22"]
[SourceVersion "1"]
[SourceVersionDate "2012.11.22"]
[SourceQuality "1"]

1. e4 c5 2. Nc3 d6 3. Bb5+ Bd7 4. Bxd7+ Qxd7 5. d3 Nc6 6. f4 e6 7. Nf3 0-0-0 8. 0-0 d5 9. e5 d4 10. Ne4 h5 11. a3 Qd5 12. Bd2 Nh6 13. Qe2 Kb8 14. Rfb1 b5 15. c4 dxc3 16. bxc3 b4 17. Ne1 Nf5 18. axb4 cxb4 19. cxb4 f6 20. b5 Ncd4 21. Qd1 Bc5 22. Nxc5 Qxc5 23. Kf1 h4 24. b6 Ng3+ 25. hxg3 hxg3 26. bxa7+ Ka8 27. Rb8+ Rxb8 28. axb8Q+ Kxb8 29. Qb1+ Kc7 30. Ba5+ Kc8 31. Nf3 Nxf3 32. Bb6 Rh1+ 33. Ke2 Nd4+ 34. Kd2 Rxb1 35. Ra8+ Kb7 36. Bxc5 Nb3+ 37. Kc2 Rc1+ 38. Kxb3 Kxa8 39. Bd4 f5 40. Be3 Re1 41. Bc5 Re2 42. d4 Kb7 43. d5 exd5 44. Kc3 Kc6 45. Kd3 Rxg2 46. e6 Rf2 47. e7 Kd7 48. Ke3 Rc2 49. Bd4 Kxe7 0-1

[Event "Wch U14 Girls"]
[Site "Maribor"]
[Date "2012.11.08"]
[Round "1.3"]
[White "Jargalmaa, Sarantuya"]
[Black "Schnegg, Anna Lena"]
[Result "1/2-1/2"]
[WhiteElo "1781"]
[BlackElo "2075"]
[PlyCount "31"]
[EventDate "2012.11.08"]
[EventType "swiss"]
[EventRounds "11"]
[EventCountry "SLO"]
[SourceTitle "EXT 2013"]
[Source "ChessBase"]
[SourceDate "2012.11.22"]
[SourceVersion "1"]
[SourceVersionDate "2012.11.22"]
[SourceQuality "1"]

1. d4 d5 2. c4 e6 3. Nf3 Nf6 4. Nc3 Be7 5. e3 0-0 6. Bd3 Nbd7 7. 0-0 c5 8. b3 b6 9. Bb2 Bb7 10. Ne5 Ne4 11. cxd5 Nxc3 12. Bxc3 cxd4 13. Nxd7 Qxd7 14. Bxd4 Qxd5 15. Qg4 e5 16. Bc4 1/2-1/2

[Event "Wch U14 Girls"]
[Site "Caldas Novas"]
[Date "2011.11.22"]
[Round "5"]
[White "Pastuszko, Kinga"]
[Black "Jargalmaa, Sarantuya"]
[Result "1-0"]
[WhiteElo "1907"]
[BlackElo "1744"]
[PlyCount "53"]
[EventDate "2011.11.18"]
[EventType "swiss"]
[EventRounds "9"]
[EventCountry "BRA"]
[SourceTitle "EXT 2013"]
[Source "ChessBase"]
[SourceDate "2012.11.22"]
[SourceVersion "1"]
[SourceVersionDate "2012.11.22"]
[SourceQuality "1"]

1. e4 c5 2. Nc3 d6 3. Nge2 Nf6 4. d4 cxd4 5. Nxd4 a6 6. f4 e5 7. Nf3 Nbd7 8. a4 Be7 9. Bd3 0-0 10. 0-0 Re8 11. Kh1 b6 12. Nh4 Bf8 13. Nf5 Bb7 14. Bd2 Qc7 15. Qf3 Nc5 16. Rae1 d5 17. Ng3 dxe4 18. Ngxe4 Nfxe4 19. Bxe4 Nxe4 20. Nxe4 Qxc2 21. Bc3 Bxe4 22. Rxe4 exf4 23. Rxf4 f6 24. Rxf6 Be7 25. Rf7 Bf8 26. Rxg7+ Bxg7 27. Qf7+ 1-0

[Event "Wch U14 Girls"]
[Site "Caldas Novas"]
[Date "2011.11.20"]
[Round "3"]
[White "Jargalmaa, Sarantuya"]
[Black "Beukema, Louise"]
[Result "1-0"]
[WhiteElo "1744"]
[BlackElo "1399"]
[PlyCount "69"]
[EventDate "2011.11.18"]
[EventType "swiss"]
[EventRounds "9"]
[EventCountry "BRA"]
[SourceTitle "EXT 2013"]
[Source "ChessBase"]
[SourceDate "2012.11.22"]
[SourceVersion "1"]
[SourceVersionDate "2012.11.22"]
[SourceQuality "1"]

1. e4 e5 2. Nf3 Nf6 3. Nxe5 d6 4. Nf3 Nxe4 5. Nc3 Nxc3 6. dxc3 Be7 7. Be2 Bf5 8. 0-0 Nd7 9. Be3 Nf6 10. Nd4 Bd7 11. c4 c5 12. Nb3 0-0 13. Bf3 Qc8 14. Bg5 Rb8 15. Rb1 Bf5 16. Re1 Be6 17. Bxf6 Bxf6 18. Qxd6 b6 19. Qf4 Qa6 20. Bd5 Qxa2 21. Bxe6 fxe6 22. Qc1 Qa4 23. Nd2 Bd4 24. Re2 Rf5 25. c3 Be5 26. Qe1 Bf4 27. b3 Qd7 28. Nf3 Rf6 29. Rd1 Qf7 30. Ne5 Qh5 31. h3 Rf5 32. Nc6 Rg5 33. Kh1 Rf8 34. Rxe6 Rgf5 35. Ne7+ 1-0